| 000 | 00636cam a22002411 4500 | ||
|---|---|---|---|
| 001 | sa 65010384 | ||
| 003 | DLC | ||
| 005 | 20260227112208.0 | ||
| 008 | 890628s1963 ii a d 000 0 hino | ||
| 010 | _asa 65010384 | ||
| 035 | _a(OCoLC)19944026 | ||
| 040 |
_aDLC _cWaU _dDLC |
||
| 041 | 0 | _ahineng | |
| 042 | _apremarc | ||
| 050 | 0 | 0 |
_aG108.H5 _bK35 1963 |
| 100 | 1 | _aKapoor, A. N. | |
| 245 | 1 | 0 | _aBhaugolika śabdakośa aura paribhāshāyeṃ. |
| 260 | _c1963. | ||
| 300 |
_a4, 498 p. _billus. _c22 cm. |
||
| 500 | _aIn Hindi. | ||
| 650 | 0 |
_aGeography _xDictionaries _xHindi. |
|
| 650 | 0 |
_aEnglish language _xDictionaries _xHindi. |
|
| 999 |
_c66702 _d66702 |
||